Malezas: ecofisiología y estrategias de control

Uloženo v:
Podrobná bibliografie
Hlavní autor: Kogan Alterman, Marcelo (autor)
Médium: Kniha
Jazyk:španělština
Vydáno: Santiago Facultad de Agronomía Pontificia Universidad Católica de Chile 1992
Edice:Colección en Agricultura
Témata:
Tagy: Přidat tag
Žádné tagy, Buďte první, kdo vytvoří štítek k tomuto záznamu!

MARC

LEADER 00000nam a2200000 a 4500
001 UCV7476
003 CL-VaPUC
005 20241017113952.0
008 930302e19920000CL |||||||||||||||||spa|d
999 |c 213145  |d 213143 
040 |c Pontificia Universidad Católica de Valparaíso 
082 0 4 |a 632.58 KOG 1992  |2 21 
100 |a Kogan Alterman, Marcelo  |e autor  |9 524390 
245 1 0 |a Malezas: ecofisiología y estrategias de control 
260 |a Santiago  |b Facultad de Agronomía Pontificia Universidad Católica de Chile  |c 1992 
300 |a 402 páginas 
490 0 |a Colección en Agricultura 
583 |a last modification  |c 20130619 13:45:36  |k Rodrigo Vera 
650 0 |a Malezas  |9 264171 
650 0 |a Control de malezas  |9 259684 
650 0 |a Herbicidas  |9 393022 
650 0 |a Ecofisiología  |9 487982 
942 |c BK  |2 ddc 
945 |d 19930302 00:00:00  |a mfernand 
952 |0 0  |1 0  |2 ddc  |4 0  |6 632_580000000000000_KOG_1992  |7 0  |8 R  |9 195218  |a BIBAGR  |b BIBAGR  |d 2019-11-14  |i 2971445  |l 4  |o 632.58 KOG 1992  |p 2971445  |r 2025-03-27  |s 2025-03-24  |t 2  |w 2019-11-14  |y BK_R  |k AGR 
952 |0 0  |1 0  |2 ddc  |4 0  |6 632_580000000000000_KOG_1992  |7 0  |8 R  |9 195219  |a BIBAGR  |b BIBAGR  |d 2019-11-14  |i 2971453  |l 3  |o 632.58 KOG 1992  |p 2971453  |r 2025-01-20  |s 2024-08-22  |t 3  |w 2019-11-14  |y BK_R  |k AGR 
952 |0 0  |1 0  |2 ddc  |4 0  |6 632_580000000000000_KOG_1992  |7 0  |8 R  |9 195220  |a BIBAGR  |b BIBAGR  |d 2019-11-14  |i 2971461  |l 3  |o 632.58 KOG 1992  |p 2971461  |r 2025-01-20  |s 2024-09-05  |t 4  |w 2019-11-14  |y BK_R  |k AGR